| 000 | 00504nam a2200193Ia 4500 | ||
|---|---|---|---|
| 005 | 20250923145904.0 | ||
| 008 | 008 250917s9999 xx 000 0 eng d | ||
| 037 | _aTextual | ||
| 040 |
_aDSWL _beng _cDSWL |
||
| 041 |
_aeng _2eng |
||
| 084 |
_aY2x, N88 _qDSWL |
||
| 245 | 0 |
_aFamilies and social network _cEd. by R.M. Milardo |
|
| 260 |
_aNew Delhi _bSage _c1988 |
||
| 300 | _a237p. | ||
| 365 |
_aUSD _b19.95 |
||
| 925 | _g19.95 | ||
| 942 |
_cTEXL _hY2x, N88 |
||
| 999 |
_c1456957 _d1456957 |
||